| 000 | 00633nas a2200217 4500 | ||
|---|---|---|---|
| 001 | BR7805759 | ||
| 003 | BR-BrBNA | ||
| 005 | 20231205083517.0 | ||
| 007 | ta | ||
| 008 | 230509b bl.|||p| |||| 00| 00por d | ||
| 040 |
_aBR-BrBNA _bpor _cBiblioteca Nacional de Agricultura |
||
| 041 | _a(Pt) | ||
| 072 | _aF60 | ||
| 100 | 1 | _aRoth, M.G.M. | |
| 245 | 1 | _aEfeito fisiologico dos mutagenicos [Bioquimica vegetal; Planta] | |
| 650 | _aBIOQUIMICA VEGETAL | ||
| 650 | _aPLANTA | ||
| 773 | 0 |
_tAgros (Brazil) _xISSN 0365-2742 _g(Dec 1978), v. 13(2-3) p. 77-82 _wBR7805759 |
|
| 909 |
_a202311 _bLúcia _c55 _dLúcia Elande |
||
| 942 |
_2AGRIS _n0 _cANA |
||
| 999 |
_c99285 _d99285 |
||